Medicinal Chemistry / (Record no. 36164)

MARC details
000 -LEADER
fixed length control field 00450nam a22001697a 4500
005 - DATE AND TIME OF LATEST TRANSACTION
control field 20240722110346.0
008 - FIXED-LENGTH DATA ELEMENTS--GENERAL INFORMATION
fixed length control field 240722b |||||||| |||| 00| 0 eng d
020 ## - INTERNATIONAL STANDARD BOOK NUMBER
ISBN 9788123917900
082 ## - DEWEY DECIMAL CLASSIFICATION NUMBER
Classification number 612
Item number RAZ-M
100 ## - MAIN ENTRY--AUTHOR
Author Name Razdan Balkishen
245 ## - TITLE STATEMENT
Title Medicinal Chemistry /
Statement of responsibility, etc. Razdan Balkishen
260 ## - PUBLICATION, DISTRIBUTION, ETC.
Place of Publication india:
Name of publisher, distributor, etc. CBS ;
Date of publication, distribution, etc. 2010
300 ## - PHYSICAL DESCRIPTION
Pages xii,828p.
500 ## - GENERAL NOTE
General note include index .
650 ## - SUBJECT ADDED ENTRY--TOPICAL TERM
Subject / Department Medical / Chemistry
300 ## - PHYSICAL DESCRIPTION
-- ill;
-- 24 cm.
952 ## - LOCATION AND ITEM INFORMATION (KOHA)
-- 0
-- 0
952 ## - LOCATION AND ITEM INFORMATION (KOHA)
-- 0
-- 0
952 ## - LOCATION AND ITEM INFORMATION (KOHA)
-- 0
-- 0
952 ## - LOCATION AND ITEM INFORMATION (KOHA)
-- 0
-- 0
Holdings
Lost status Damaged status Collection code Permanent Location Current Location Shelving Location Date acquired Full Call Number Accession No./Barcode Date last seen Copy number item type Koha item type
    Medical Superior Information Resource Center (SIRC) Superior University- Central Library Superior Information Resource Center (SIRC) Superior University- Central Library Chemistry 07/22/2024 612 RAZ-M 2010 9906 07/22/2024 1 BOOK BOOK
    Medical Superior Information Resource Center (SIRC) Superior University- Central Library Superior Information Resource Center (SIRC) Superior University- Central Library Chemistry 07/22/2024 612 RAZ-M 2010 9907 07/22/2024 2 BOOK BOOK
    Medical Superior Information Resource Center (SIRC) Superior University- Central Library Superior Information Resource Center (SIRC) Superior University- Central Library Chemistry 07/22/2024 612 RAZ-M 2010 9908 07/22/2024 3 BOOK BOOK
    Medical Superior Information Resource Center (SIRC) Superior University- Central Library Superior Information Resource Center (SIRC) Superior University- Central Library Chemistry 07/22/2024 612 RAZ-M 2010 9909 07/22/2024 4 BOOK BOOK

Powered by Koha